000 00571 a2200193 4500
001 sjds
003 sjds
005 20240227185950.0
008 240227b |||||||| |||| 00| 0 spa d
020 _a9788499510668
020 _a8499510663
040 _csjds
041 _aspa
100 _aPeterson, Scott
245 _aPhineas y Ferb. El arbol de navidad / escrito por Scott Peterson ; basado en la serie creada por Dan Pvenmire y Jeff "Swampy" Marsh.
260 _aMadrid :
_bLibros Disney,
_c2010
300 _a32, [1] h. de pegatinas :
_bil. color
942 _cBK
999 _c18080
_d18080